An introduction to revenue stamps (Record no. 1012)

000 -LEADER
fixed length control field 00286nam a22001217a 4500
003 - CONTROL NUMBER IDENTIFIER
control field OSt
008 - FIXED-LENGTH DATA ELEMENTS--GENERAL INFORMATION
fixed length control field 150321b xxu||||| |||| 00| 0 eng d
041 ## - LANGUAGE CODE
Language code of text/sound track or separate title eng
100 1# - MAIN ENTRY--PERSONAL NAME
Personal name Castenholz, Bill J.
245 10 - TITLE STATEMENT
Title An introduction to revenue stamps
260 ## - PUBLICATION, DISTRIBUTION, ETC. (IMPRINT)
Name of publisher, distributor, etc. Castenholz & Sons
300 ## - PHYSICAL DESCRIPTION
Extent 0 pages

No items available.

Powered by Koha